Employee communications in Action (Record no. 430791)

000 -LEADER
fixed length control field 00407cam a22001337a 4500
008 - FIXED-LENGTH DATA ELEMENTS--GENERAL INFORMATION
fixed length control field 180718b1961 xxu||||| |||| 00| 0 eng d
082 ## - DEWEY DECIMAL CLASSIFICATION NUMBER
Classification number T25007 N435
100 ## - MAIN ENTRY--PERSONAL NAME
Personal name Newcomb, Robert
245 ## - TITLE STATEMENT
Title Employee communications in Action
Statement of responsibility, etc. by Robert Newcomb and Marg Sammons
260 ## - PUBLICATION, DISTRIBUTION, ETC.
Place of publication, distribution, etc. New York
Name of publisher, distributor, etc. Harper and Brothers
Date of publication, distribution, etc. 1961
300 ## - PHYSICAL DESCRIPTION
Extent xi, 337p.
650 ## - SUBJECT ADDED ENTRY--TOPICAL TERM
Topical term or geographic name entry element Communication in management
700 ## - ADDED ENTRY--PERSONAL NAME
Personal name Sammons, Marg
Holdings
Withdrawn status Lost status Damaged status Not for loan Permanent Location Current Location Date acquired Full call number Barcode Date last seen Price effective from Koha item type
        Indian Institute of Public Administration Indian Institute of Public Administration 2010-01-13 T25007 N435 26421 2018-07-21 2018-07-21 Book

Powered by Koha